000 00660nam a2200241 i 4500
001 bgj
100 1 _aMÜLLER, Hartmut.
245 1 0 _aStefan Zweig :
_bmit Selbstzeugnissen und Bilddokumenten /
_cdargesellt von Hartmut Müller.
260 _aReinbek bei Hamburg :
_bRowohlt,
_c1988.
300 _a157 s. :
_bil. ;
_c19 cm.
490 1 _aRowoholts Monographien
504 _aBibliogr. s. 146-[153].
650 9 _aBiografie
830 _aRowoholts Monographien
020 _a3499504138
040 _cBPK
041 0 _ager
044 _aDEU
080 _a929
920 _a3-499-50413-8
942 _cKS
008 s gw f |000 0 ger
999 _c50949
_d50949
856 _uhttp://koha.tu.koszalin.pl/cgi-bin/koha/opac-detail.pl?biblionumber=50949
_yKatalog online BPK